000 00450nam a2200193Ia 4500
003 OSt
005 20220519102207.0
008 210210b1952 xxu||||| |||| 00| 0 eng d
040 _a AL
_c
041 _aeng
082 _a539/106
100 _aTAYLOR (Sherwood F)
_937906
245 _aCentury of science
260 _aLondon
_bWilliam Heinemann Ltd.
_c1952
300 _a277
690 _aPhysics
_937907
906 _a009122
942 _2ddc
_cBK
999 _c127788
_d127788